[Event "IND-ch U13 33rd"]
[Site "Visakhapatnam"]
[Date "2019.05.10"]
[Round "9"]
[White "Jain, Adi"]
[Black "Vinay, R Jumani"]
[Result "1-0"]
[WhiteElo "1593"]
[BlackElo "1765"]
[PlyCount "133"]
[EventDate "2019.05.04"]
[EventType "swiss"]
[EventRounds "11"]
[EventCountry "IND"]
[SourceTitle "CBM 190 Extra"]
[Source "ChessBase"]
[SourceDate "2019.07.15"]
[SourceVersion "1"]
[SourceVersionDate "2019.07.15"]
[SourceQuality "1"]

1. Nf3 Nf6 2. c4 g6 3. Nc3 Bg7 4. e4 d6 5. d4 0-0 6. Be2 e5 7. 0-0 Nc6 8. d5 Ne7 9. Ne1 Nd7 10. Nd3 f5 11. f3 Nf6 12. Bd2 f4 13. b4 g5 14. c5 Ng6 15. Rc1 h5 16. Nf2 Rf7 17. a4 Ne8 18. a5 Bf8 19. Na4 Rg7 20. b5 dxc5 21. Nxc5 Bxc5 22. Rxc5 Qe7 23. Qc2 Nf8 24. h3 Bd7 25. Rc1 Nh7 26. Qb3 Kh8 27. Bb4 Qf6 28. Bc3 b6 29. Rc4 g4 30. fxg4 f3 31. Bxf3 Ng5 32. Bb2 hxg4 33. Bxg4 Nd6 34. Rxc7 Rf8 35. Nd3 Bxg4 36. Rxg7 Nxh3+ 37. Kh2 Nf4 38. Nxf4 Qxf4+ 39. Qg3 Qh6+ 40. Kg1 Nxe4 41. Qxe5 Qe3+ 42. Kh1 Nf2+ 43. Kh2 Qh6+ 44. Kg3 Nd3 45. Rg6+ Nxe5 46. Bxe5+ Kh7 47. Rxh6+ Kxh6 48. Kxg4 Rg8+ 49. Kf3 Kg5 50. Bf4+ Kf5 51. axb6 axb6 52. d6 Rg4 53. Bh2 Rd4 54. Rc6 Rd3+ 55. Ke2 Rb3 56. d7 Rb2+ 57. Kd1 Rb4 58. Rf6+ Kxf6 59. d8Q+ Ke6 60. Qd6+ Kf5 61. Qxb4 Kg5 62. Qe4 Kh5 63. Qf5+ Kh6 64. Qg4 Kh7 65. Qg5 Kh8 66. Be5+ Kh7 67. Qg7# 1-0

[Event "IND-ch U13 33rd"]
[Site "Visakhapatnam"]
[Date "2019.05.07"]
[Round "5"]
[White "Jubin, Jimmy"]
[Black "Vinay, R Jumani"]
[Result "1-0"]
[WhiteElo "2214"]
[BlackElo "1765"]
[PlyCount "110"]
[EventDate "2019.05.04"]
[EventType "swiss"]
[EventRounds "11"]
[EventCountry "IND"]
[SourceTitle "CBM 190 Extra"]
[Source "ChessBase"]
[SourceDate "2019.07.15"]
[SourceVersion "1"]
[SourceVersionDate "2019.07.15"]
[SourceQuality "1"]

1. d4 Nf6 2. c4 g6 3. g3 Bg7 4. Bg2 0-0 5. Nf3 d6 6. 0-0 Nc6 7. Nc3 a6 8. d5 Na7 9. a4 e5 10. e4 Bg4 11. h3 Bd7 12. Be3 Ne8 13. Ne1 f5 14. f4 exf4 15. Bxf4 b5 16. axb5 axb5 17. Be3 Qb8 18. c5 b4 19. Na4 fxe4 20. Rxf8+ Bxf8 21. c6 Nxc6 22. dxc6 Bxc6 23. b3 Nf6 24. Bd4 Nh5 25. Rc1 Qe8 26. Qc2 Bxa4 27. bxa4 c5 28. Qc4+ Qf7 29. Bxe4 Qxc4 30. Rxc4 Ra7 31. Bd5+ Rf7 32. a5 Nxg3 33. Bxf7+ Kxf7 34. a6 Ne2+ 35. Kf2 d5 36. a7 dxc4 37. Kxe2 cxd4 38. a8Q d3+ 39. Kd1 Kg7 40. Qc8 c3 41. Nxd3 Be7 42. Qe6 Bf6 43. Nxb4 h5 44. Nd5 Bd4 45. Qe4 Bf6 46. Nf4 Kf8 47. Qxg6 c2+ 48. Kxc2 Ba1 49. Qh7 Bf6 50. Kd3 h4 51. Ke4 Ke8 52. Kd5 Kf8 53. Ke6 Bg7 54. Ng6+ Ke8 55. Qg8+ Bf8 1-0